| 000 | 00837nam a2200229Ia 4500 | ||
|---|---|---|---|
| 003 | GCL | ||
| 005 | 20240530102044.0 | ||
| 008 | 140319s9999 xx 000 0 ara d | ||
| 040 |
_aGCL / _cGCL |
||
| 082 | 0 | 4 |
_a327.730567 _bب ا |
| 100 | 1 | _aبول، جورج. و | |
| 245 | 1 | 0 |
_aاميركا اسرائيل: علاقة حميمة التورط الاميركى مع اسرائيل منذ العام 1947 حتى الان / _cبول، جورج. و |
| 260 |
_aبيروت : _bمكتبة بيان ، _c1994 |
||
| 300 |
_a352 ص ؛ _c24 سم |
||
| 650 | 0 | 4 | _aتاريخ |
| 650 | 0 | 4 | _aالولايات المتحدة الامريكية |
| 650 | 0 | 4 | _aاسرائيل |
| 650 | 0 | 4 | _aالعلاقات الخارجية |
| 700 | 1 | _aبول، دوغلاس. ب | |
| 700 | 1 | _aمحمد زكريا اسماعيل (مترجم) | |
| 942 |
_2ddc _cBK |
||
| 999 |
_c29466 _d29466 |
||